Canadian system of Government (Record no. 488372)

000 -LEADER
fixed length control field 00371cam a22001097a 4500
008 - FIXED-LENGTH DATA ELEMENTS--GENERAL INFORMATION
fixed length control field 180718b1970 xxu||||| |||| 00| 0 eng d
082 ## - DEWEY DECIMAL CLASSIFICATION NUMBER
Classification number B5x71 C16
245 ## - TITLE STATEMENT
Title Canadian system of Government
Statement of responsibility, etc. by Department of the Secretary of State
260 ## - PUBLICATION, DISTRIBUTION, ETC.
Place of publication, distribution, etc. Ottawa
Name of publisher, distributor, etc. Department of the Secretary of State
Date of publication, distribution, etc. 1970
300 ## - PHYSICAL DESCRIPTION
Extent 53p.
700 ## - ADDED ENTRY--PERSONAL NAME
Personal name Canada. Department of the Secretary of State
Holdings
Withdrawn status Lost status Damaged status Not for loan Permanent Location Current Location Date acquired Full call number Barcode Date last seen Price effective from Koha item type
        Indian Institute of Public Administration Indian Institute of Public Administration 2018-08-04 B5x71 C16 G10820 2018-08-04 2018-08-04 G

Powered by Koha